Statistics for Best Old School Quotes Quiz

Click here to take the quiz!

General Stats

  • This quiz has been taken 328 times
    (326 since last reset)
  • The average score is 7 of 11

Answer Stats

CharacterQuoteAnswer% Correct
FrankYou're my boy, ____!Blue
96%
BeanieIt's not your fault. Dammit, Blue was old. That's what
old people do. They ___
die
93%
FrankWe're going _________ through the quad and into the gymnasiumstreaking
92%
BeanieThat party that we had last night has given us a lot of street ____cred
88%
MarkWhat are you gonna do? Tell on me? You know you can't buddy. It's guy ____. That's something chicks do. You're not a chick are you?code
84%
FrankFill it up again! Fill it up again! Once it hits your ____, it's so good!lips
78%
FrankYeah, buy some wallpaper, maybe get some flooring, stuff like that. Maybe ___, ____, & ______. I don't know, I don't know if we'll have enough timeBed, Bath & Beyond
53%
FrankI'm so cold... I think I see Blue! He looks ________glorious
52%
BeanieWell why don't you give me your number
in case anything happens to my ____
wife
46%
BeanieHe's playing hardball. And I got to admit. I'm _________impressed
39%
FrankYou know I was thinking we could go back home... have some dinner and pop in the ______ CDSisqo
20%

Score Distribution

Percentile by Number Answered

Percent of People with Each Score

Your Score History

You have not taken this quiz since the last reset